বাবুরনামা দ্বিতীয় খণ্ড / (Record no. 2691)

MARC details
000 -LEADER
fixed length control field 01123nam a2200241 a 4500
003 - CONTROL NUMBER IDENTIFIER
control field BD-DhJNU
005 - DATE AND TIME OF LATEST TRANSACTION
control field 20260419062211.0
008 - FIXED-LENGTH DATA ELEMENTS--GENERAL INFORMATION
fixed length control field 260508s1983 bg |||g |||| 000 1|ben|d
020 ## - INTERNATIONAL STANDARD BOOK NUMBER
International Standard Book Number 9840759825
040 ## - CATALOGING SOURCE
Original cataloging agency BD-DhJNU
Language of cataloging ben
Transcribing agency BD-DhJNU
Modifying agency BD-DhJNU
041 ## - LANGUAGE CODE
Language code of text/sound track or separate title ben
082 ## - DEWEY DECIMAL CLASSIFICATION NUMBER
Classification number 954.025 BAB
Edition number 23
245 10 - TITLE STATEMENT
Title বাবুরনামা দ্বিতীয় খণ্ড /
Statement of responsibility, etc. প্রিন্সিপাল ইবরাহীম খাঁ (অনুবাদক)
246 ## - VARYING FORM OF TITLE
Title proper/short title Baburnama, Vol. 2
250 ## - EDITION STATEMENT
Edition statement 1st ed.
260 ## - PUBLICATION, DISTRIBUTION, ETC.
Place of publication, distribution, etc. ঢাকা :
Name of publisher, distributor, etc. বাংলা একাডেমি,
Date of publication, distribution, etc. 1983.
300 ## - PHYSICAL DESCRIPTION
Extent ২২৮ পৃ. :
Other physical details চিত্র ;
Dimensions ২২ সেমি.।
504 ## - BIBLIOGRAPHY, ETC. NOTE
Bibliography, etc. note গ্রন্থপঞ্জিগত নির্দেশিকা ও নিঘন্ট অন্তভূক্ত
650 ## - SUBJECT ADDED ENTRY--TOPICAL TERM
Topical term or geographic name entry element মুঘল সাম্রাজ্য -- ইতিহাস -- ১৬শ শতাব্দী।
650 ## - SUBJECT ADDED ENTRY--TOPICAL TERM
Topical term or geographic name entry element Mogul Empire -- History -- 16th century.
700 a# - ADDED ENTRY--PERSONAL NAME
Personal name খাঁ, প্রিন্সিপাল ইবরাহীম
Relator term অনুবাদক
942 ## - ADDED ENTRY ELEMENTS (KOHA)
Koha item type Books
Holdings
Withdrawn status Lost status Source of classification or shelving scheme Damaged status Not for loan Collection Home library Current library Shelving location Date acquired Source of acquisition Total checkouts Full call number Barcode Date last seen Copy number Price effective from Koha item type
    Dewey Decimal Classification     Non-fiction Jagannath University Central Library Jagannath University Central Library Children's area 04/19/2026 Purchased   954.025 BAB JNUCL35090 04/19/2026 1 04/19/2026 Books